01147nam a2200229Ia 45000010005000000030007000050050017000120080041000290200015000700400011000850410008000960800025001041000052001292450321001812640090005023000043005925040045006355410011006806530092006917000072007837000062008554692GE_BSU20190715172551.0181216s2003||||ge |||||||||||||| ||geo|| a9992828781 cGE_BSU ageo a616.07(075.8) ტ-37 aტატიშვილი, ნუგზარ aშინაგან სნეულებათა დიაგნოსტიკა = Principies of clinicai Diagnosis in internal Medicina :bსახელმძღვ. /c ნუგზარ ტატიშვილი, ირაკლი ტატიშვილი ; რედ. გ. სიმონია aთბილისი ;bსაქართველოს მაცნე ;c2003. a349 გვ. : bილ. ;c29 სმ. aბიბლიოგრ. : გვ. 339 h27ლ. aშინაგან სნეულებათა დიაგნოსტიკა aტატიშვილი, ირაკლიeავტორი a სიმონია, გ.eრედაქტორი